[Event "Dyfed Major op 48th"]
[Site "Fishguard"]
[Date "2019.02.23"]
[Round "2"]
[White "Greenwood, Ray"]
[Black "Narayan Taylor, Robert"]
[Result "0-1"]
[WhiteElo "1304"]
[BlackElo "1368"]
[PlyCount "62"]
[EventDate "2019.02.22"]
[EventType "swiss"]
[EventRounds "5"]
[EventCountry "WLS"]
[SourceTitle "EXT 2020"]
[Source "ChessBase"]
[SourceDate "2019.10.17"]
[SourceVersion "1"]
[SourceVersionDate "2019.10.17"]
[SourceQuality "1"]

1. e4 Nc6 2. d4 e6 3. Nf3 d5 4. Nc3 b6 5. Bb5 Bb7 6. Bf4 Bb4 7. 0-0 Bxc3 8. bxc3 a6 9. Bd3 Nf6 10. Re1 Nxe4 11. Bxe4 dxe4 12. Rxe4 Qd7 13. d5 Ne7 14. c4 0-0-0 15. Ne5 Qe8 16. Qe2 exd5 17. cxd5 f5 18. Re3 Nxd5 19. Rf3 Nxf4 20. Rxf4 Rf8 21. Re1 g5 22. Rb4 Qe6 23. a4 Rfe8 24. h3 Rd5 25. Qc4 Rxe5 26. Rxe5 Qxe5 27. Qf7 Qe6 28. Qxh7 Qe1+ 29. Kh2 Qxb4 30. Qxf5+ Kb8 31. Qf7 Qf4+ 0-1

[Event "Dyfed Major op 46th"]
[Site "Fishguard"]
[Date "2017.02.25"]
[Round "2"]
[White "Narayan Taylor, Robert"]
[Black "Jones, Hefin"]
[Result "1/2-1/2"]
[WhiteElo "1436"]
[BlackElo "1269"]
[PlyCount "107"]
[EventDate "2017.02.24"]
[EventType "swiss"]
[EventRounds "5"]
[EventCountry "WLS"]
[SourceTitle "EXT 2020"]
[Source "ChessBase"]
[SourceDate "2019.10.17"]
[SourceVersion "1"]
[SourceVersionDate "2019.10.17"]
[SourceQuality "1"]

1. c4 e5 2. Nc3 Nc6 3. g3 Bc5 4. Bg2 Nd4 5. e3 Ne6 6. Nge2 Nf6 7. a3 Ng5 8. b4 Bf8 9. Bb2 c6 10. 0-0 d6 11. f4 Ne6 12. f5 Nc7 13. e4 b5 14. cxb5 Nxb5 15. Nxb5 cxb5 16. d4 Bb7 17. Qd3 d5 18. Qxb5+ Qd7 19. Qxd7+ Kxd7 20. dxe5 Nxe4 21. Bxe4 dxe4 22. Rfd1+ Ke8 23. Nc3 a5 24. Nd5 Bxd5 25. Rxd5 axb4 26. a4 b3 27. a5 Ra6 28. Rad1 Be7 29. Ba3 Ra7 30. Bxe7 Kxe7 31. Rb5 Rc8 32. Rb1 Rc3 33. Kf2 Kd7 34. Rd5+ Kc6 35. Rd8 Kc7 36. Rf8 Rxa5 37. Rxf7+ Kc6 38. Kg2 Rxe5 39. Rxg7 Rc2+ 40. Kh3 b2 41. Rg8 Kb7 42. Rg7+ Kc6 43. Rg8 Rec5 44. Rc8+ Kd6 45. Rb8 Rxf5 46. R1xb2 Rxb2 47. Rxb2 Ke5 48. Rb5+ Ke6 49. Rb6+ Kf7 50. Rb4 Re5 51. Kg2 Kf6 52. Kf2 Kf5 53. h3 h5 54. Ke3 1/2-1/2

[Event "Dyfed Major op 46th"]
[Site "Fishguard"]
[Date "2017.02.24"]
[Round "1"]
[White "Cooke, Raymond"]
[Black "Narayan Taylor, Robert"]
[Result "0-1"]
[WhiteElo "1240"]
[BlackElo "1436"]
[PlyCount "40"]
[EventDate "2017.02.24"]
[EventType "swiss"]
[EventRounds "5"]
[EventCountry "WLS"]
[SourceTitle "EXT 2020"]
[Source "ChessBase"]
[SourceDate "2019.10.17"]
[SourceVersion "1"]
[SourceVersionDate "2019.10.17"]
[SourceQuality "1"]

1. d4 Nf6 2. Nf3 g6 3. Bg5 Bg7 4. Bxf6 Bxf6 5. e4 d6 6. d5 Bxb2 7. Nbd2 Bxa1 8. Qxa1 0-0 9. Bd3 e5 10. dxe6 Bxe6 11. Qb2 b6 12. 0-0 Nd7 13. Nd4 Nc5 14. Nxe6 Nxe6 15. Nf3 c5 16. c4 Nf4 17. Bc2 Qd7 18. g3 Qh3 19. Ne1 Ne2+ 20. Kh1 Qxf1# 0-1